Normal view
MARC view
- Vyavahare Renuka J - 2k141147; Dr.Sonali Parchure - Guide & [Company Name] - Janata Sahakari Bank Ltd.,Pune
Entry Personal Name
001 - CONTROL NUMBER
- control field: 103738
003 - CONTROL NUMBER IDENTIFIER
- control field: OSt
005 - DATE AND TIME OF LATEST TRANSACTION
- control field: 20221007220650.0
008 - FIXED-LENGTH DATA ELEMENTS
- fixed length control field: 221007|| aca||aabn | a|a d
040 ## - CATALOGING SOURCE
- Original cataloging agency: OSt
- Transcribing agency: OSt
100 ## - HEADING--PERSONAL NAME
- Personal name: Vyavahare Renuka J - 2k141147; Dr.Sonali Parchure - Guide & [Company Name] - Janata Sahakari Bank Ltd.,Pune
670 ## - SOURCE DATA FOUND
- Source citation: Work cat.: (OSt)75070: Vyavahare Renuka J - 2k141147; Dr.Sonali Parchure - Guide & [Company Name] - Janata Sahakari Bank Ltd.,Pune, Anti Money Laundering at Janata Sahakari Bank LTD.Pune, Sep-15